American Aircraft Carriers Quiz - Statistics

General Stats
  • This quiz has been taken 114 times
  • The average score is 37 of 71
Answer Stats
Hint Answer % Correct
CVN-78 Gerald R. Ford
90%
CVN-72 Abraham Lincoln
85%
CV-6 Enterprise
85%
CVN-65 Enterprise
85%
CVN-80 Enterprise
85%
CVN-77 George H.W. Bush
85%
CVN-73 George Washington
85%
CVN-83 George W. Bush
83%
CVN-68 Nimitz
83%
CVN-69 Dwight D. Eisenhower
80%
CV-67 John F. Kennedy
80%
CVN-79 John F. Kennedy
80%
CVN-76 Ronald Reagan
80%
CVN-71 Theodore Roosevelt
80%
CVB-42 Franklin D. Roosevelt
78%
CV-5 Yorktown
78%
CV-10 Yorktown
78%
CV-8 Hornet
75%
CV-12 Hornet
75%
CVN-75 Harry S. Truman
73%
CV-3 Saratoga
73%
CV-60 Saratoga
73%
CV-2 Lexington
68%
CV-16 Lexington
68%
CV-7 Wasp
68%
CV-18 Wasp
68%
CVB-41 Midway
65%
CV-9 Essex
63%
CV-1 Langley
60%
CVL-27 Langley
60%
CV-4 Ranger
60%
CV-61 Ranger
60%
CVN-82 William J. Clinton
50%
CV-13 Franklin
48%
CVL-22 Independence
48%
CV-62 Independence
48%
CVN-74 John C. Stennis
48%
CV-63 Kitty Hawk
48%
CV-66 America
45%
CV-17 Bunker Hill
45%
CVN-70 Carl Vinson
43%
CV-11 Intrepid
43%
CVB-43 Coral Sea
40%
CV-59 Forrestal
40%
CV-21 Boxer
35%
CV-20 Bennington
33%
CV-64 Constellation
33%
CVL-23 Princeton
33%
CV-37 Princeton
33%
CV-38 Shangri-la
33%
CV-14 Ticonderoga
33%
CV-36 Antietam
30%
CVL-24 Belleau Wood
30%
CV-31 Bon Homme Richard
30%
CV-34 Oriskany
30%
CVL-25 Cowpens
28%
CVN-81 Doris Miller
28%
CV-19 Hancock
28%
CV-45 Valley Forge
28%
CV-32 Leyte
23%
CV-47 Philippine Sea
23%
CV-15 Randolph
23%
CVL-48 Saipan
23%
CVL-30 San Jacinto
23%
CV-40 Tarawa
23%
CVL-49 Wright
23%
CVL-29 Bataan
20%
CVL-28 Cabot
20%
CV-39 Lake Champlain
20%
CVL-26 Monterey
20%
CV-33 Kearsarge
18%
No matching quizzes found
Score Distribution
Percent of People with Each Score
Percentile by Number Answered
Your Score History
You have not taken this quiz